000 00430nam a2200157Ia 4500
008 160316s1994 xxu||||| |||| 00| 0 eng d
082 _a364.150000
_bSHA
100 _aSharma O C
245 _aCrime against women
250 _a
260 _aNew Delhi
_bAPH Publishing Corporation
_c1994
300 _a248p.
_b
_c
365 _bRs. 300
650 _a1.Crime Against Women 2.Women Studies 3.Violence Against Women
700 _a
_a
999 _c13319
_d13319